Drafting, pleading and conveyancing / (Record no. 97950)

MARC details
000 -LEADER
fixed length control field 00662nam a22002177a 4500
005 - DATE AND TIME OF LATEST TRANSACTION
control field 20160112123326.0
010 ## - LCCN (DPL NO)
LC control number ENG-114400
020 ## - INTERNATIONAL STANDARD BOOK NUMBER
International Standard Book Number 9789351435846
Terms of availability 495.00
035 ## - SYSTEM CONTROL NUMBER
System control number EN-97932
037 ## - SOURCE OF ACQUISITION
Source of stock number/acquisition DBAD/PUB
082 ## - DEWEY DECIMAL CLASSIFICATION NUMBER
Classification number 346.540438
100 ## - MAIN ENTRY--PERSONAL NAME
Personal name Kolhatkar, Medha
245 ## - TITLE STATEMENT
Title Drafting, pleading and conveyancing /
Statement of responsibility, etc by Medha Kolhatkar
260 ## - PUBLICATION, DISTRIBUTION, ETC. (IMPRINT)
Place of publication, distribution, etc Gurgaon
Name of publisher, distributor, etc LexisNexis
Date of publication, distribution, etc 2015
270 ## - ADDRESS
Address 14th Floor, Building No.10, Tower-B, DLF Cyber City, Phase-II
City Gurgaon
Postal code 122002
300 ## - PHYSICAL DESCRIPTION
Extent xxxv,533p.
Dimensions 24cm(pbk)
650 ## - SUBJECT ADDED ENTRY--TOPICAL TERM
Topical term or geographic name as entry element Conveyancing
650 ## - SUBJECT ADDED ENTRY--TOPICAL TERM
Topical term or geographic name as entry element Legal composition.
650 ## - SUBJECT ADDED ENTRY--TOPICAL TERM
Topical term or geographic name as entry element Pleading
942 ## - ADDED ENTRY ELEMENTS (KOHA)
Source of classification or shelving scheme Dewey Decimal Classification
Item type English Books
Call number suffix KOL
Classification part 346.540438
Holdings
Withdrawn status Lost status Not for loan Collection code Home library Current library Date acquired Source of acquisition Cost, normal purchase price Full call number Barcode Copy number Cost, replacement price Koha item type
    Not For Loan Non-fiction D.B.Act.Division D.B.Act.Division 27/10/2015 DBAD/PUB 495.00 346.540438 KOL EN-97932 1 495.00 English Books

© Delhi Public Library
Hit Counter
free hit counter